| 000 | 00396nam a22001577a 4500 | ||
|---|---|---|---|
| 020 | _a81-7826-355-6 | ||
| 082 |
_a823 _bHAR/R |
||
| 245 |
_aTHE RETURN OF THE NATIVE _bSHORT STORY |
||
| 246 |
_aTHE RETURN OF THE NATIVE _bSHORT STORY |
||
| 250 | _a2003 | ||
| 260 |
_aDELHI _bROHAN BOOK COMPANY _c2003 |
||
| 300 | _a223 | ||
| 520 | _aSHORT STORY | ||
| 650 | _aMODERN ILLUSTRATED CLASSICS | ||
| 942 | _cBK | ||
| 999 |
_c353 _d353 |
||